000
00187nam a2200073Ia 4500
008
180219s9999 xx 000 0 und d
100
_a
Rao V K
245
0
_a
Science Education
260
_a
A.P.H. Pub. Corporation New Delhi
999
_c
41086
_d
41086